书目信息 |
| 题名: |
高等数学
|
|
| 作者: | 林文斌 , 彭亚新 主编 | |
| 分册: | 理工类 | |
| 出版信息: | 北京 人民出版社 2006.08 |
|
| 页数: | 375页 | |
| 开本: | 26cm | |
| 丛书名: | 高等院校十一·五系列核心教材丛书 | |
| 单 册: | ||
| 中图分类: | O13 | |
| 科图分类: | ||
| 主题词: | 高等数学--gao deng shu xue--高等学校--教材 | |
| 电子资源: | ||
| ISBN: | 7-01-005780-X | |
| 000 | 01004nam 2200265 450 | |
| 001 | 012007547124 | |
| 005 | 20070926104609.06 | |
| 010 | @a7-01-005780-X@dCNY34.00 | |
| 100 | @a20070816d2006 km y0chiy0120 ea | |
| 101 | 0 | @achi |
| 102 | @aCN@b110000 | |
| 105 | @aa z 000yy | |
| 200 | 1 | @a高等数学@Agao deng shu xue@i理工类@f林文斌, 彭亚新主编@Flin wen bin,peng ya xin zhu bian |
| 210 | @a北京@c人民出版社@d2006.08 | |
| 215 | @a375页@c图@d26cm | |
| 225 | 2 | @a高等院校十一·五系列核心教材丛书@Agao deng yuan xiao shi yi·wu xi lie he xin jiao cai cong shu |
| 330 | @a本书是“高等院校十一·五系列核心教材”之一。内容包括:函数、极限与连续、导数与微分、中值定理与导数的应用、不定积分、无穷级数等内容。 | |
| 410 | 0 | @12001 @a高等院校十一·五系列核心教材丛书 |
| 517 | 1 | @a理工类@Ali gong lei |
| 606 | 0 | @a高等数学@Agao deng shu xue@x高等学校@j教材 |
| 690 | @aO13@v4 | |
| 701 | 0 | @a林文斌@Alin wen bin@4主编 |
| 701 | 0 | @a彭亚新@Apeng ya xin@4主编 |
| 801 | 0 | @aCN@c20070926 |
| 905 | @dO13@eL520 | |
| 高等数学.理工类/林文斌, 彭亚新主编.-北京:人民出版社,2006.08 |
| 375页:图;26cm.-(高等院校十一·五系列核心教材丛书) |
| ISBN 7-01-005780-X:CNY34.00 |
| 本书是“高等院校十一·五系列核心教材”之一。内容包括:函数、极限与连续、导数与微分、中值定理与导数的应用、不定积分、无穷级数等内容。 |
| ● |
| 相关链接 |
|
|
|
正题名:高等数学
索取号:O13/L520
 
预约/预借
| 序号 | 登录号 | 条形码 | 馆藏地/架位号 | 状态 | 备注 |
| 1 | 246119 | 202461193 | 自科二线504/504自科库 43排2列2层/ [索取号:O13/L520] | 在馆 | |
| 2 | 246120 | 202461200 | 自科库401/401自科库 106排7列3层/ [索取号:O13/L520] | 在馆 | |
| 3 | 246121 | 202461219 | 自科库401/401自科库 106排7列3层/ [索取号:O13/L520] | 在馆 | |
| 4 | 246122 | 202461228 | 自科二线504/504自科库 43排2列2层/ [索取号:O13/L520] | 在馆 | |
| 5 | 246123 | 202461237 | 自科二线504/504自科库 43排2列2层/ [索取号:O13/L520] | 在馆 |